000
002930000a22001450004500
003
MACL
040
_a
MACL
090
_c
32182
_d
32180
100
_a
Sheldon, Sidney
245
_a
The Best laid Pllans
260
_b
Warner Books
350
_a
150
650
_a
Fiction
942
_c
BOOK
_k
823/Si
999
_c
31855
_d
31855